banner-ar

PIERRE VERGER: LE MESSAGES: THE GO - BETWEEN PHOTOGRAPHIES 1932 - 1962 / (Record no. 16451)

MARC details
000 -الفاتح
حقل البيانات ثابتة الطول 00661nam a2200229Ia 4500
008 - عناصر البيانات ثابتة الطول - معلومات عامة
حقل البيانات ثابتة الطول 140319s9999 xx 000 0 aRus d
040 ## - مصدر الفهرسة
وكالة الفهرسة الأصلية GCL /
وكالة النسخ GCL
082 04 - رقم تصنيف ديوى العشرى
رقم التصنيف 770.92
رقم المادة V P
100 1# - المدخل الرئيسى - إسم شخصى
الإسم الشخصى VERGER, PIERRE
245 10 - بيان العنوان
العنوان PIERRE VERGER: LE MESSAGES: THE GO - BETWEEN PHOTOGRAPHIES 1932 - 1962 /
بيان المسئوليه,etc VERGER, PIERRE
700 1# - المدخل الاضافى - اسم شخصى
الإسم الشخصى PIVIN, JEAN LOUP
700 1# - المدخل الاضافى - اسم شخصى
الإسم الشخصى LEON, PASCAL MARTIN
260 ## - PUBLICATION, DISTRIBUTION, ETC. (IMPRINT)
تاريخ النشر أو التوزيع 1993
300 ## - الوصف المادى
التعداد 237 P
650 04 - المدخل الاضافى بالموضوع-مصطلح موضوعى
مصطلح موضوعي PHOTOGRAPHY
650 04 - المدخل الاضافى بالموضوع-مصطلح موضوعى
مصطلح موضوعي PHOTOGRAPHERS
650 04 - المدخل الاضافى بالموضوع-مصطلح موضوعى
مصطلح موضوعي SUDAN - PHOTOGRAPHY
650 04 - المدخل الاضافى بالموضوع-مصطلح موضوعى
مصطلح موضوعي VERGER, PIERRE FATUMBE
650 04 - المدخل الاضافى بالموضوع-مصطلح موضوعى
مصطلح موضوعي PHOTOGRAPHERS - BIOGRAPHIES
942 ## - عناصر المدخل الإضافي( كوها)
مصدر التصنيف او مخطط الترفيف Dewey Decimal Classification
Koha [default] item type كتاب
260 ## - PUBLICATION, DISTRIBUTION, ETC. (IMPRINT)
-- [S.N] :
-- EDITIONS REVUE ،
Holdings
حالة التراجع حالة الفقد حالة تلف ليس للاعارة المكان المؤقت الموقع الحالى تاريخ الاكتساب اجمالي اﻻعارات رقم الطلب الباركود تاريخ اخر مشاهدة تاريخ تفعيل السعر نوع وعاء كوها
        مكتبة القاهرة الكبرى مكتبة القاهرة الكبرى 03/26/2014   770.92\V P 29874 03/26/2014 03/26/2014 كتاب

Powered By

EGPV